000 00326pam a2200133 a 4500
020 _c
041 _h
082 _a658.1
_bLIK
100 _aLIKERT R.,
245 _aHUMAN ORGANIZATION : ITS MANAGEMENT AND VALUE
_hTextual Documents
260 _aLONDON
_bMCGRAW-HILL KOGAKUSHA LTD
_c1967
300 _aIX+258
930 _a3857
999 _c123330
_d123330